000 01431nam a2200325 i 4500
001 bg
245 0 0 _aKonkurencyjność i potencjał rozwoju polskich metropolii - szanse i bariery /
_cpod red. Stanisława Korenika, Krzysztofa Szołka.
260 _aWarszawa :
_bKPZK PAN,
_c2004.
300 _a373, [1] s. :
_bmapy, wykr. ;
_c21 cm.
490 1 _aBiuletyn / Polska Akademia Nauk. Komitet Przestrzennego Zagospodarowania Kraju,
_x0079-3493 ;
_vZ. 214
500 _aMateriały konferencji naukowej.
500 _aStreszcz. ang. przy ref.
504 _aBibliogr. przy ref.
650 9 _aMiasta
_xkonkurencyjność
_zPolska
_yod 1989 r.
650 9 _aRegionalizacja gospodarcza
_xpolityka
_zPolska
_yod 1989 r.
650 9 _aRegiony (adm.)
_xkonkurencyjność
_zPolska
_yod 1989 r.
655 _aMateriały konferencyjne
700 1 _aKORENIK, Stanisław.
_eRed.
700 1 _aSZOŁEK, Krzysztof.
_eRed.
710 0 _aPolska Akademia Nauk
_bKomitet Przestrzennego Zagospodarowania Kraju
830 0 _aBiuletyn (Polska Akademia Nauk. Komitet Przestrzennego Zagospodarowania Kraju) ;
_vZ. 214
020 _a8389693100
040 _cBPK
041 0 _apol
_beng
080 _a332.14:339.137](438-21)"1989/..."(061)
920 _a83-89693-10-0
942 _cKS
008 s pl f |000 0 pol
999 _c45121
_d45121
856 _uhttp://koha.tu.koszalin.pl/cgi-bin/koha/opac-detail.pl?biblionumber=45121
_yKatalog online BPK